01399nam a2200241Ia 4500001000900000003001000009008004100019040002500060041001400085100006900099245004600168250001100214260005700225300001000282500026000292501011400552520026000666650001700926942000700943957000600950999004300956952015800999L780-263IT-CnALBA170116s9999||||xx |||||||||||||| ||und|| aIT-CnALBAcIT-CnALBA aITALIANO  aSterpone Pasquale Compositore # Nicolosi Salvatore Armonizzatore 0aALLA REGINA DEGLI APOSTOLI (Invocazione). a1a ed. aTORINObLeandro Chenna TORINO'c1943 [1° Ed.: n.d.] a4 p.  aComp. (don Pasquale Sterpone) 1943. Invocazione per Coro ad una Voce con accompagnamento di Organo o Armonio. # Armonizzazione di Nicolosi Salvatore. Testi e Musica di don Pasquale Sterpone # Armonizzazione del Coro: Salvatore Nicolosi. Alla Regina degli  aSocietà San Paolo EM - Piazza San Paolo, 14 - 12051 ALBA (CN) (non commercial uses only) ® Copyright 2017 aComp. (don Pasquale Sterpone) 1943. Invocazione per Coro ad una Voce con accompagnamento di Organo o Armonio. # Armonizzazione di Nicolosi Salvatore. Testi e Musica di don Pasquale Sterpone # Armonizzazione del Coro: Salvatore Nicolosi. Alla Regina degli  aMusica Sacra cBK 71 a80350bSI g Copie: 1 c318804d318804 0010406L_78026371aALBAbALBAd2017-01-16l0oL780-263r2017-01-16 00:00:00w2017-01-16yBKz(data import: 16 gennaio 2017) - By Epidotti, Vaglietti.